মুসলিম দর্শন ও সংস্কৃতি / (Record no. 44304)
[ view plain ]
| 000 -LEADER | |
|---|---|
| fixed length control field | 00848nam a22002417a 4500 |
| 001 - CONTROL NUMBER | |
| control field | 44304 |
| 003 - CONTROL NUMBER IDENTIFIER | |
| rucl marc code | BD-RjUL |
| 005 - DATE AND TIME OF LATEST TRANSACTION | |
| control field | 20211209053831.0 |
| 008 - FIXED-LENGTH DATA ELEMENTS--GENERAL INFORMATION | |
| fixed length control field | 160716s1984 bg ||||| |||| 001 0 ben d |
| 020 ## - INTERNATIONAL STANDARD BOOK NUMBER | |
| Terms of availability | 75.00 |
| 035 ## - SYSTEM CONTROL NUMBER | |
| System control number | (BD-RjUL)44422 |
| 040 ## - CATALOGING SOURCE | |
| Original cataloging agency | BD-RjUL |
| Language of cataloging | eng |
| Transcribing agency | BD-RjUL |
| 041 ## - LANGUAGE CODE | |
| Language code of text/sound track or separate title | eng |
| 082 ## - DEWEY DECIMAL CLASSIFICATION NUMBER | |
| Edition number | 23 |
| Classification number | 297 |
| Author mark and year | RAM 1984 |
| 100 10 - MAIN ENTRY--PERSONAL NAME | |
| Personal name | রহমান, সাইদুর |
| 9 (RLIN) | 136000 |
| 245 ## - TITLE STATEMENT | |
| Title | মুসলিম দর্শন ও সংস্কৃতি / |
| Statement of responsibility, etc. | সাইদুর রহমান ; আমিনুল ইসলাম |
| 260 ## - PUBLICATION, DISTRIBUTION, ETC. (IMPRINT) | |
| Place of publication, distribution, etc. | ঢাকা : |
| Name of publisher, distributor, etc. | বাংলা একাডেমী, |
| Date of publication, distribution, etc. | ১৯৮৪ |
| 300 ## - PHYSICAL DESCRIPTION | |
| Pagination | ৪০৮ পৃ. |
| Size | ১৯ সেমি. |
| 500 ## - GENERAL NOTE | |
| General note | নির্ঘন্ট |
| 650 ## - SUBJECT ADDED ENTRY--TOPICAL TERM | |
| Topical term or geographic name as entry element | Islamic philosophy |
| 9 (RLIN) | 136034 |
| 700 10 - ADDED ENTRY--PERSONAL NAME | |
| Personal name | ইসলাম, আমিনুল |
| 942 ## - ADDED ENTRY ELEMENTS (KOHA) | |
| Source of classification or shelving scheme | Dewey Decimal Classification |
| Koha item type | Books |
| Lost status | Source of classification or shelving scheme | Damaged status | Not for loan | Collection code | Permanent Location | Current Location | Shelving location | Date acquired | Source of acquisition | Cost, normal purchase price | Total Checkouts | Full call number | Date last seen | Date checked out | Copy number | Koha item type |
|---|---|---|---|---|---|---|---|---|---|---|---|---|---|---|---|---|
| Dewey Decimal Classification | Non-fiction | Central Library, University of Rajshahi | Central Library, University of Rajshahi | 29/08/1984 | Rajshahi books | 75.00 | 3 | B 297 RAM 1984 | 07/10/2018 | 24/09/2018 | C-2 | Books | ||||
| Dewey Decimal Classification | Non-fiction | Central Library, University of Rajshahi | Central Library, University of Rajshahi | 09/01/1985 | Bangla academi | 75.00 | B 297 RAM 1984 | 06/08/2016 | C-3 | Books | ||||||
| Dewey Decimal Classification | Not For Loan | Non-fiction | Central Library, University of Rajshahi | Central Library, University of Rajshahi | Reading Room | 18/12/2024 | B 297 RAM 1984 | 18/12/2024 | C-1 | Books |